logo

Bir Sreshtho Munshi Abdur Rouf Library
Jhenaidah Cadet College

Ethical philosophies of India (Record no. 8174)

MARC details
000 -LEADER
fixed length control field 00738cam a22002651 4500
003 - CONTROL NUMBER IDENTIFIER
JCCL marc code BD-JhCC
005 - DATE AND TIME OF LATEST TRANSACTION
control field 20190509100411.0
008 - FIXED-LENGTH DATA ELEMENTS--GENERAL INFORMATION
fixed length control field 790510s1964 ii b 000 0 eng
035 ## - SYSTEM CONTROL NUMBER
system control number (BD-JhCC)
035 ## - SYSTEM CONTROL NUMBER
system control number (OCoLC)4947788
040 ## - CATALOGING SOURCE
Original cataloging agency DLC
Transcribing agency TxCM
Modifying agency OCoLC
-- DLC
-- BD-JhCC
041 ## - LANGUAGE CODE
Language code of Book eng
050 00 - LIBRARY OF CONGRESS CALL NUMBER
Classification number BJ122
Item number .S47
082 ## - DEWEY DECIMAL CLASSIFICATION NUMBER
Author mark and Year SHA 1964
Classification number 181.4
100 1# - MAIN ENTRY--PERSONAL NAME
Personal name Sharma, I. C.
Fuller form of name (Ishwar Chandra),
Dates associated with a name 1921-
245 10 - TITLE STATEMENT
Title Ethical philosophies of India
Statement of responsibility, etc [by] I. C. Sharma.
250 ## - EDITION STATEMENT
Edition statement Indian ed.
260 ## - PUBLICATION, DISTRIBUTION, ETC. (IMPRINT)
Place of publication, distribution, etc Jullundur City,
Name of publisher, distributor, etc S. Nagin
Date of publication, distribution, etc [1964]
300 ## - PHYSICAL DESCRIPTION
Pagination v, iii, ii, 275, iv p.
Dimensions 23 cm.
504 ## - BIBLIOGRAPHY, ETC. NOTE
Bibliography, etc Bibliographical footnotes.
650 #0 - SUBJECT ADDED ENTRY--TOPICAL TERM
Topical term or geographic name as entry element Ethics
Geographic subdivision India.
650 #0 - SUBJECT ADDED ENTRY--TOPICAL TERM
Topical term or geographic name as entry element Hindu philosophy
942 ## - ADDED ENTRY ELEMENTS (KOHA)
Source of classification or shelving scheme Dewey Decimal Classification
Koha item type Books
Holdings
Source of classification or shelving scheme Damaged status Not for loan Home library Current library Shelving location Total Checkouts Full call number Barcode Date last seen Copy number Koha item type
Dewey Decimal Classification     JCC Rouf Library JCC Rouf Library General Stacks   181.4 SHA 1964 8589 02/19/2018 C - 1 Books

JCC Library | Contacts | JCC Home

Last Update on 23 September 2017
Copyright @ 2017-2020 JCC Rouf Library
Rouf Library, Jhenidah Cadet College (JCC), Bangladesh